David Markinson v The Information Commissioner (Record no. 77289)
[ view plain ]
| 000 -LEADER | |
|---|---|
| fixed length control field | 01576cab a2200205 4500 |
| 001 - CONTROL NUMBER | |
| control field | ##L133963 |
| 008 - FIXED-LENGTH DATA ELEMENTS--GENERAL INFORMATION | |
| fixed length control field | 060626n2006 000 0 eng u |
| 035 ## - SYSTEM CONTROL NUMBER | |
| System control number | (Sirsi) u133963 |
| 041 0# - LANGUAGE CODE | |
| Language code of text/sound track or separate title | eng |
| 245 00 - TITLE STATEMENT | |
| Title | David Markinson v The Information Commissioner |
| Medium | [electronic resource] |
| 260 ## - PUBLICATION, DISTRIBUTION, ETC. | |
| Date of publication, distribution, etc. | 2006 |
| 520 ## - SUMMARY, ETC. | |
| Summary, etc. | Information Tribunal |
| Expansion of summary note | Environmental Information Regulation Cases, 28 March 2006. M complained about difficulties in obtaining documents from Kings Lynn and West Norfolk BC and its schedule of charges. Copies of most documents cost 50p a sheet with copies of planning decision notices costing £6.50. M took his case to the Information Commissioners Office (ICO) which acts as the watchdog for questions of access to information. The ICO ruled that K was entitled to charge whatever amount it considered reasonable. Friends of the Earth took the case on behalf of M to the Information Tribunal. "Held": ICO decision overturned. Local authorities are free to exceed the guide price of 10p per sheet but only if they can demonstrate that there is good reason to do so. K has changed its schedule of charges accordingly. |
| 650 24 - SUBJECT ADDED ENTRY--TOPICAL TERM | |
| Topical term or geographic name entry element | MARKINSON V INFORMATION COMMISSIONER |
| 650 24 - SUBJECT ADDED ENTRY--TOPICAL TERM | |
| Topical term or geographic name entry element | ENVIRONMENTAL INFORMATION REGULATIONS 2004 |
| 650 24 - SUBJECT ADDED ENTRY--TOPICAL TERM | |
| Topical term or geographic name entry element | FREEDOM OF INFORMATION ACT 2000 |
| 651 #4 - SUBJECT ADDED ENTRY--GEOGRAPHIC NAME | |
| Geographic name | England and Wales |
| Chronological subdivision | 1543- |
| 690 ## - LOCAL SUBJECT ADDED ENTRY--TOPICAL TERM (OCLC, RLIN) | |
| Topical term or geographic name as entry element | ENVIRONMENTAL AND LAND CONSULTANCY-PLANNING AND DEVELOPMENT |
| 856 40 - ELECTRONIC LOCATION AND ACCESS | |
| Uniform Resource Identifier | <a href="https://www.informationtribunal.gov.uk/DBFiles/Decision/i161/Markinson.pdf">https://www.informationtribunal.gov.uk/DBFiles/Decision/i161/Markinson.pdf</a> |
| Public note | View the judgment free of charge at www.informationtribunal.gov.uk |
| 942 ## - ADDED ENTRY ELEMENTS (KOHA) | |
| Suppress in OPAC | 0 |
| Withdrawn status | Lost status | Source of classification or shelving scheme | Damaged status | Not for loan | Home library | Current library | Shelving location | Date acquired | Total Checkouts | Full call number | Barcode | Date last seen | Copy number | Price effective from | Koha item type |
|---|---|---|---|---|---|---|---|---|---|---|---|---|---|---|---|
| Dewey Decimal Classification | Virtual | Virtual | Online | 26/06/2006 | ONLINE PUBLICATION | 133963-2001 | 06/08/2019 | 1 | 06/08/2019 | Law report |